000
00273nam a22001217a 4500
008
180220b xxu||||| |||| 00| 0 eng d
041
_a
eng
080
_a
611
100
_a
6
101
_a
shm
245
_a
manual roentgenological technique
_c
sante.l.r
942
_2
udc
_c
BK
999
_c
42894
_d
42894